Bandiere con il Bianco- Morte subita - Statistics

Statistiche generali
  • Questo quiz è stato fatto 100 volte
  • Il punteggio medio è 8 su 24
Answers on the Grid
Answers color-coded by a green-red scale on the quiz's grid according to % correct below.
Algeria
Bhutan
Botswana
Comore
Gibuti
Honduras
Isole Marshall
Kiribati
Libia
Maldive
Myanmar
Nepal
Paraguay
Portogallo
Russia
Samoa
Slovenia
Sudafrica
Suriname
Thailandia
Timor Est
Ungheria
Yemen
Zimbabwe
Albania
Armenia
Bangladesh
Ciad
Colombia
Germania
Guinea Bissau
Kazakistan
Liechtenstein
Malawi
Palau
Repubblica del Congo
Saint Vincent e Grenadine
Senegal
Sri Lanka
Svezia
Tanzania
Ucraina
Vanuatu
Zambia
Gabon
Cina
Burkina Faso
Belgio
 
Statistiche sulle risposte
Risposta % Corretto
Russia
79%
Ungheria
66%
Slovenia
63%
Algeria
58%
Thailandia
50%
Paraguay
47%
Nepal
45%
Honduras
42%
Yemen
42%
Botswana
39%
Gibuti
32%
Kiribati
32%
Isole Marshall
29%
Bhutan
26%
Comore
26%
Libia
24%
Sudafrica
24%
Suriname
21%
Zimbabwe
21%
Myanmar
18%
Maldive
16%
Samoa
16%
Timor Est
13%
Portogallo
8%
Nessun quiz corrispondente trovato
Distribuzione punteggi
Percentuale di utenti per punteggio
Percentile per numero di risposta
I tuoi punteggi nel tempo
Non hai fatto questo quiz